00473nam a2200157Ia 4500100001700000942000700017366000900024654001300033245001300046260002700059082002200086300000800108546001200116999001700128952017000145 aSomers/Matt  cBK f17.5 acoaching aCoaching bHodder Educationc2008 a658.0092/SOMbSOM a192 aENGLISH c19718d19718 001040708CRCaCRCEbCRCEd2023-03-17eEducational books and periodicalsg206.25i191 dt 11/02/2009l0o658.0092/SOM SOMp19358r2023-03-17v250.00w0000-00-00yBK